| 000 | 02548nam a2200349 a 4500 | ||
|---|---|---|---|
| 001 | 78399 | ||
| 003 | BD-RjUL | ||
| 005 | 20211209083126.0 | ||
| 008 | 210916s2018 bg a|||| m||| 00| 0 ben d | ||
| 035 | _a(BD-RjUL)78625 | ||
| 040 |
_aBD-RjUL _bben / eng _cBD-RjUL _dBD-RjUL |
||
| 041 | _aben | ||
| 082 |
_a959.105 _bUDR 2018 _223 |
||
| 100 |
_aউদ্দিন, মোহাম্মদ নাছির _9248061 |
||
| 245 | 0 | 1 |
_aরোহিঙ্গা স্বাধিকার আন্দোলন, ১৯৪২ - ১৯৯২ খ্রিস্টাব্দ / _cমোহাম্মদ নাছির উদ্দিন ; _6তত্ত্বাবধায়ক : মোহাম্মদ মুহিবউল্যাহ ছিদ্দিকী |
| 246 | 0 | 2 | _aSelf- Determination Movement of the Rohingyas, 1942-1992 A. D. / |
| 260 |
_aরাজশাহী : _bইসলামের ইতিহাস ও সংস্কৃতি বিভাগ, রাজশাহী বিশ্ববিদ্যালয়, _c২০১৮ |
||
| 300 |
_avi, [১], ৩৪৯ পাতা : _bচিত্র ; _c৩০ সেমি. |
||
| 502 | _aথিসিস (পিএইচ. ডি.) -- ইসলামের ইতিহাস ও সংস্কৃতি বিভাগ, রাজশাহী বিশ্ববিদ্যালয়, ২০১৮ | ||
| 504 | _aগ্রন্থপঞ্জি ও তথ্য বিবরণী : পাতা ৩০৬ - ৩৪২ | ||
| 600 |
_a _d _q _y _9248215 |
||
| 650 |
_aরোহিঙ্গা (বার্মিজ মানুষ) _xইতিহাস _y১৯৪২-১৯৯২ খ্রিস্টাব্দ _9248216 |
||
| 650 |
_a Rohingya (Burmese people) _xHistory. _y1942-1992 A. D _9248217 |
||
| 650 |
_aমুসলমান _zমায়ানমার _zরাখাইন রাজ্য _xইতিহাস _y১৯৪২-১৯৯২ খ্রিস্টাব্দ _9248218 |
||
| 650 |
_aMuslims _zMyanmar _zRakhine State _xHistory. _y1942-1992 A. D. _9248219 |
||
| 650 |
_aমানবতার বিরুদ্ধে অপরাধ _zমায়ানমার _9248220 |
||
| 650 |
_aCrimes against humanity _zMyanmar _9248221 |
||
| 650 |
_aজাতিগত দ্বন্দ্ব _zমায়ানমার _9244327 |
||
| 650 |
_aEthnic conflict _zMyanmar _9248222 |
||
| 700 |
_aছিদ্দিকী, মোহাম্মদ মুহিবউল্যাহ, তত্ত্বাবধায়ক _9248066 |
||
| 942 |
_2ddc _cTHE |
||
| 999 |
_c78399 _d78399 |
||